000 00628nam a22002177a 4500
003 UA-OsUOA
001 80705
007 ta
008 20111222b un ||||| |||| 00| 0 ukr d
100 _aЗимомря М.
090 _a82
_bЗ-62
942 _cSA
040 _aUA-OsUOA
_bukr
_cUA-OsUOA
_dUA-OsUOA
245 _aПерекладацька спадщина Івана Франка: панорамність культурного простору
300 _aС.48-56
955 _a0
041 _aukr
080 _a82
773 0 _w80701
650 7 _a82 Література. Літературознавство
_2UDC
999 _c367015
_d367015